[Event "SR 3. liga A2 2016/2017"]
[Site "?"]
[Date "2017.01.08"]
[Round "6.6"]
[White "Stehlik, Jan"]
[Black "Bartos, Bohumil"]
[Result "1-0"]
[WhiteElo "1598"]
[BlackElo "1658"]
[PlyCount "105"]
[EventDate "2016.??.??"]

1. e4 c5 2. Nf3 Nc6 3. d4 cxd4 4. Nxd4 Nf6 5. Nc3 e5 6. Nf3 Bb4 7. Bd3 Bxc3+ 8.
bxc3 O-O 9. Bg5 Qa5 10. Qd2 d6 11. Bxf6 gxf6 12. O-O Kh8 13. Qh6 Qd8 14. Nh4
Rg8 15. f4 Qe7 16. Rf3 Bg4 17. Rg3 Be6 18. Rf3 Rg7 19. Raf1 Rag8 20. R1f2 Nb8
21. fxe5 fxe5 22. Nf5 Bxf5 23. Rxf5 Qf8 24. Qh5 Nd7 25. Bc4 Qc8 26. Bxf7 Qxc3
27. Bxg8 Qe1+ 28. Rf1 Qe3+ 29. R5f2 Rxg8 30. h3 Nf6 31. Qf3 Qxf3 32. Rxf3 Nxe4
33. Rf8 Rxf8 34. Rxf8+ Kg7 35. Rb8 Nc5 36. Rd8 Ne4 37. Rd7+ Kg6 38. Rxb7 a6 39.
Rb6 a5 40. Ra6 Kf5 41. Rxa5 Kf4 42. Ra3 h5 43. Rf3+ Kg5 44. a4 Nd2 45. a5 Nxf3+
46. gxf3 Kf4 47. Kf2 d5 48. a6 e4 49. fxe4 dxe4 50. a7 e3+ 51. Ke2 Kg3 52. a8=Q
Kxh3 53. Kxe3 1-0

[Event "SR 3. liga A2 2016/2017"]
[Site "?"]
[Date "2017.01.22"]
[Round "7.1"]
[White "Provaznik, Michal"]
[Black "Hecko, Dusan"]
[Result "1-0"]
[WhiteElo "2194"]
[BlackElo "2059"]
[PlyCount "131"]
[EventDate "2016.??.??"]

1. e4 c6 2. d4 d5 3. Nd2 dxe4 4. Nxe4 Bf5 5. Ng3 Bg6 6. Nf3 Nd7 7. Bc4 Ngf6 8.
O-O e6 9. Nh4 Nd5 10. Nxg6 hxg6 11. c3 Bd6 12. Qf3 Qf6 13. Qxf6 N7xf6 14. Re1
a6 15. Nf1 Kd7 16. g3 c5 17. dxc5 Bxc5 18. Kg2 Rhd8 19. Bg5 Kc6 20. Rad1 Rd7
21. f3 b5 22. Be2 Nb6 23. Rxd7 Nbxd7 24. Bc1 Nb6 25. f4 Rd8 26. Bf3+ Kc7 27.
Nd2 Nbd5 28. Ne4 Nxe4 29. Bxe4 Rd7 30. Kf3 Ne7 31. Bc2 Nc6 32. Rd1 Rxd1 33.
Bxd1 Ne7 34. Be2 Nf5 35. b3 Kc6 36. Bd3 Nd6 37. Bd2 f5 38. Bc1 Ne8 39. c4 Bd4
40. cxb5+ axb5 41. a4 bxa4 42. bxa4 Nc7 43. Be3 Bc3 44. Bc4 Nd5 45. Bf2 Kd6 46.
Ke2 Ne7 47. Kd3 Ba5 48. Bd4 Nc6 49. Bxg7 e5 50. Bf7 exf4 51. gxf4 Ne7 52. Kc4
Bd2 53. Be5+ Kd7 54. Kb5 g5 55. fxg5 Bxg5 56. a5 Be3 57. a6 Nc8 58. Bd5 Na7+
59. Kc4 f4 60. Kd3 Nb5 61. h4 Nc7 62. Bc4 Ba7 63. Ke4 Ne8 64. Bb5+ Kd8 65. Bxe8
Kxe8 66. Kxf4 1-0

[Event "SR 3. liga A2 2016/2017"]
[Site "?"]
[Date "2017.01.22"]
[Round "7.1"]
[White "Nemeckay, Rastislav"]
[Black "Horak, Ivan"]
[Result "1/2-1/2"]
[WhiteElo "1985"]
[BlackElo "2016"]
[PlyCount "141"]
[EventDate "2016.??.??"]

1. e4 d5 2. exd5 Qxd5 3. Nc3 Qa5 4. d4 c6 5. Nf3 Bg4 6. Be2 Nf6 7. O-O e6 8.
Ne5 Bxe2 9. Qxe2 Bd6 10. Nc4 Qc7 11. Nxd6+ Qxd6 12. Bg5 Nbd7 13. Rad1 O-O 14.
Ne4 Nxe4 15. Qxe4 Qd5 16. Qxd5 cxd5 17. c3 h6 18. Bc1 Rac8 19. f3 Rc6 20. Kf2
Rfc8 21. Bd2 b5 22. Rc1 Ra6 23. Ra1 Rc4 24. b3 Rcc6 25. a3 Rab6 26. Rfb1 Ra6
27. Ke2 Nb6 28. Kd3 f6 29. Re1 Kf7 30. Kc2 Nd7 31. Bf4 g5 32. Bg3 Kg6 33. Kb2
Rab6 34. a4 b4 35. Rac1 bxc3+ 36. Rxc3 Rxc3 37. Kxc3 Rc6+ 38. Kb2 Kf5 39. Rc1
Rxc1 40. Kxc1 e5 41. Kd2 h5 42. Ke3 Nb8 43. Be1 Nc6 44. Bc3 a5 45. dxe5 fxe5
46. Kd3 g4 47. fxg4+ hxg4 48. Ke2 d4 49. Be1 e4 50. h3 gxh3 51. gxh3 Kf4 52. h4
d3+ 53. Kd2 Nb4 54. Bf2 Nd5 55. h5 Kg5 56. Be1 Kxh5 57. Kd1 Kg4 58. Bxa5 e3 59.
Be1 Kf5 60. a5 Ke6 61. a6 Nb6 62. Bg3 Kd5 63. a7 Kd4 64. Bh4 Kc3 65. Bf6+ Kxb3
66. Bd4 e2+ 67. Ke1 Na8 68. Kd2 Kc4 69. Bf2 Nc7 70. Bg3 Na8 71. Bf2 1/2-1/2

[Event "SR 3. liga A2 2016/2017"]
[Site "?"]
[Date "2017.01.22"]
[Round "7.1"]
[White "Hirmajer, Jan"]
[Black "Pericka, Tomas"]
[Result "0-1"]
[WhiteElo "1935"]
[BlackElo "2017"]
[PlyCount "42"]
[EventDate "2016.??.??"]

1. c4 c5 2. Nc3 Nc6 3. g3 g6 4. Bg2 Bg7 5. Nf3 d6 6. O-O h5 7. d3 Nh6 8. e4 Be6
9. Ng5 Bg4 10. Qa4 h4 11. h3 hxg3 12. hxg4 Nxg4 13. Be3 Nxe3 14. fxe3 Bh6 15.
e5 Bxg5 16. Bxc6+ Kf8 17. Bd5 e6 18. Rf3 Bxe3+ 19. Rxe3 exd5 20. e6 Qh4 21. e7+
Kg7 0-1

[Event "SR 3. liga A2 2016/2017"]
[Site "?"]
[Date "2017.01.22"]
[Round "7.1"]
[White "Diviak, Rastislav"]
[Black "Sefcik, Marek St"]
[Result "1/2-1/2"]
[WhiteElo "1978"]
[BlackElo "2009"]
[PlyCount "59"]
[EventDate "2016.??.??"]

1. e4 c5 2. Nf3 e6 3. d4 cxd4 4. Nxd4 Bc5 5. Nb3 Bb6 6. Bd3 Ne7 7. Nc3 O-O 8.
Bg5 Nbc6 9. Qd2 f6 10. Bh4 d5 11. exd5 exd5 12. O-O Be6 13. Rfe1 Bf7 14. Rad1
Ne5 15. Be2 Qd7 16. Nb5 Nf5 17. Bg3 Nxg3 18. hxg3 Rac8 19. N5d4 Rfe8 20. Bb5
Nc6 21. Qf4 Qc7 22. Qxc7 Rxc7 23. Rxe8+ Bxe8 24. Nf5 a6 25. Re1 Bg6 26. Bxc6
bxc6 27. Ne7+ Kf7 28. Nxg6 hxg6 29. c3 Rd7 30. Kf1 1/2-1/2

[Event "SR 3. liga A2 2016/2017"]
[Site "?"]
[Date "2017.01.22"]
[Round "7.1"]
[White "Chabada, Tomas St"]
[Black "Ocko, Martin"]
[Result "1/2-1/2"]
[WhiteElo "1935"]
[BlackElo "1960"]
[PlyCount "162"]
[EventDate "2016.??.??"]

1. e4 c5 2. Nf3 Nc6 3. d3 g6 4. g3 Bg7 5. Bg2 d6 6. O-O e6 7. c3 Nge7 8. Bg5 h6
9. Be3 O-O 10. Qd2 Kh7 11. d4 cxd4 12. cxd4 f5 13. Nc3 e5 14. d5 Nb8 15. Nh4 f4
16. gxf4 exf4 17. Bd4 Nd7 18. Bxg7 Kxg7 19. Nf3 g5 20. Nd4 Ne5 21. f3 N7g6 22.
Ne6+ Bxe6 23. dxe6 g4 24. Nd5 Qg5 25. Kh1 Rac8 26. Rac1 h5 27. e7 Nxe7 28. Rxc8
Rxc8 29. Nxf4 Qh6 30. fxg4 hxg4 31. Qf2 Kg8 32. Nd5 Nxd5 33. exd5 Rf8 34. Qxf8+
Qxf8 35. Rxf8+ Kxf8 36. Be4 Kf7 37. Bf5 Kf6 38. Bc8 b6 39. Kg2 Nd3 40. Bxg4
Nxb2 41. h4 Nd3 42. Kg3 Nb4 43. Be6 Nxa2 44. Kf4 Nc3 45. Ke3 b5 46. Kd4 b4 47.
Kc4 a5 48. h5 Ne4 49. h6 Ng5 50. Kb3 Kg6 51. Ka4 Kxh6 52. Bg4 Ne4 53. Kxa5 Kg5
54. Bd1 Nf6 55. Bb3 Kf5 56. Kxb4 Ke5 57. Kc3 Ne4+ 58. Kc2 Kd4 59. Ba2 Nf2 60.
Kd2 Nd3 61. Bb1 Nb4 62. Bh7 Nxd5 63. Bg8 Nf6 64. Bf7 Ne4+ 65. Ke2 Ng5 66. Bg8
Ke5 67. Ke3 Nh3 68. Bf7 Nf4 69. Bg8 Ne6 70. Bxe6 Kxe6 71. Ke4 d5+ 72. Kd4 Kd6
73. Kd3 Ke5 74. Ke3 d4+ 75. Kd3 Kd5 76. Kd2 Ke4 77. Ke2 d3+ 78. Kd2 Kd4 79. Kd1
Ke3 80. Ke1 d2+ 81. Kd1 Kd3 1/2-1/2

[Event "SR 3. liga A2 2016/2017"]
[Site "?"]
[Date "2017.01.22"]
[Round "7.1"]
[White "Skapik, Branislav"]
[Black "Jakubec, Milan"]
[Result "1/2-1/2"]
[WhiteElo "1829"]
[BlackElo "2052"]
[PlyCount "77"]
[EventDate "2016.??.??"]

1. c4 e6 2. Nc3 d5 3. d4 Nf6 4. Bg5 Nbd7 5. e3 c6 6. Nf3 Qa5 7. Qa4 Qxa4 8.
Nxa4 Bb4+ 9. Nc3 Ne4 10. Rc1 f6 11. Bf4 g5 12. Bg3 h5 13. h4 g4 14. Nd2 Nxg3
15. fxg3 Bd6 16. Ne2 f5 17. cxd5 exd5 18. Nf4 Nf6 19. Bd3 Ne4 20. Bxe4 fxe4 21.
O-O Bd7 22. Nb3 b6 23. Rc2 Rh6 24. Nc1 a5 25. Rcf2 a4 26. a3 b5 27. Na2 Ke7 28.
Ne2 Be6 29. Nf4 Bf7 30. Ne2 Be8 31. Kh2 Kd7 32. Rc1 Rb8 33. Nb4 Be7 34. Nf4
Bxb4 35. axb4 Kd6 36. Rc3 Rh7 37. Rf1 Ra8 38. Ra1 Rha7 39. Raa3 1/2-1/2

[Event "SR 3. liga A2 2016/2017"]
[Site "?"]
[Date "2017.01.22"]
[Round "7.1"]
[White "Husek, Lubomir"]
[Black "Diviak, Rudolf"]
[Result "0-1"]
[WhiteElo "1865"]
[BlackElo "1815"]
[PlyCount "122"]
[EventDate "2016.??.??"]

1. e4 d6 2. d4 g6 3. Nf3 Bg7 4. Be3 c5 5. Nc3 cxd4 6. Bxd4 Nf6 7. Qd2 O-O 8.
Be2 a6 9. O-O b5 10. a3 Bb7 11. Bd3 Nc6 12. Be3 Ng4 13. Bg5 h6 14. Bh4 Kh7 15.
h3 Nge5 16. Nxe5 Nxe5 17. Be2 Rc8 18. f3 Nc4 19. Bxc4 Rxc4 20. Rab1 Qc7 21. Be1
Rc8 22. Qe2 e6 23. Bd2 a5 24. Kh1 b4 25. Nb5 Qd7 26. b3 Rxc2 27. a4 Ba6 28. Qd3
R2c5 29. Rfd1 Bxb5 30. axb5 Rxb5 31. Bf4 d5 32. e5 Rc3 33. Qd4 Bf8 34. Qf2 Rbc5
35. Rd4 Rc8 36. Bd2 Rc2 37. Qe3 Qd8 38. Qf4 Qe7 39. Ra1 R8c5 40. Kh2 Bg7 41.
Qe3 Qc7 42. Re1 Qe7 43. Rg4 Ra2 44. f4 h5 45. Rg3 Bh6 46. Rf3 Rcc2 47. Rd1 Qc5
48. Qd3 a4 49. bxa4 Rxa4 50. Rg3 Rxd2 51. Qxd2 Qc4 52. Rf3 b3 53. Rc1 Bxf4+ 54.
Rxf4 Qxf4+ 55. Qxf4 Rxf4 56. Rb1 Rb4 57. Kg1 g5 58. Kf2 f5 59. exf6 Kg6 60. f7
Kxf7 61. Rb2 Ke7 0-1

[Event "SR 3. liga A2 2016/2017"]
[Site "?"]
[Date "2017.01.22"]
[Round "7.1"]
[White "Pericka, Pavol"]
[Black "Kahanek, Jaroslav"]
[Result "0-1"]
[WhiteElo "1815"]
[BlackElo "1837"]
[PlyCount "98"]
[EventDate "2016.??.??"]

1. e4 c5 2. Nf3 Nc6 3. c3 e5 4. Bc4 Nf6 5. Ng5 d5 6. exd5 Nxd5 7. d3 Be6 8.
Nxe6 fxe6 9. Bb5 Qd6 10. Qh5+ g6 11. Bxc6+ bxc6 12. Qf3 Bg7 13. O-O Nf6 14. Nd2
O-O 15. Nc4 Qc7 16. Qh3 Rae8 17. Be3 Nd7 18. Nd2 Rf5 19. g4 Rf7 20. Ne4 Bf8 21.
Ng5 Rg7 22. f4 Bd6 23. fxe5 Bxe5 24. Rf3 Bf6 25. Ne4 Be7 26. Bh6 Ne5 27. Rf6
Rf7 28. Rxf7 Nxf7 29. Be3 Qe5 30. Rf1 Rf8 31. Bf4 Qg7 32. Be3 Ne5 33. Bxc5
Rxf1+ 34. Qxf1 Nxg4 35. Bxa7 Qe5 36. Qg2 Qf4 37. Ng3 Bd6 38. Qf1 Qd2 39. Qe2
Qc1+ 40. Kg2 Qf4 41. Qxe6+ Kg7 42. Bd4+ Be5 43. Qe7+ Kg8 44. Bxe5 Nxe5 45. Qe6+
Kg7 46. Qe7+ Kh6 47. Qc5 Qf3+ 48. Kh3 Nxd3 49. Kh4 Nxc5 0-1

[Event "SR 3. liga A2 2016/2017"]
[Site "?"]
[Date "2017.01.22"]
[Round "7.2"]
[White "Banas, Jan"]
[Black "Londin, Martin"]
[Result "1-0"]
[WhiteElo "2226"]
[BlackElo "1925"]
[PlyCount "115"]
[EventDate "2016.??.??"]

1. c4 e5 2. Nc3 Nf6 3. Nf3 Nc6 4. e3 d6 5. d4 Bf5 6. Be2 g6 7. O-O Bg7 8. b3
O-O 9. dxe5 dxe5 10. Ba3 Qxd1 11. Rfxd1 Rfd8 12. Rac1 a6 13. Nd5 Rd7 14. Nxf6+
Bxf6 15. Rxd7 Bxd7 16. Rd1 Bf5 17. Bb2 Re8 18. Bc3 a5 19. h3 h6 20. g4 Be6 21.
Ne1 Be7 22. Bf3 a4 23. Bxc6 bxc6 24. Bxe5 axb3 25. axb3 Rb8 26. Rd3 Rb7 27. Nf3
c5 28. Nd2 f6 29. Bg3 Ra7 30. Kg2 Kf7 31. e4 Bc8 32. f3 c6 33. Bf2 Ra1 34. Nf1
Rb1 35. Ne3 Rb2 36. Nd1 Rb1 37. Be3 g5 38. Nf2 Rb2 39. Kg3 Ke6 40. e5 f5 41.
gxf5+ Kxf5 42. Bd2 h5 43. Ba5 h4+ 44. Kg2 Kg6 45. Kf1 Bf5 46. Rc3 Bc2 47. Bc7
Bxb3 48. Bd6 Bd8 49. Kg2 Ba5 50. Re3 Bd2 51. Re4 Kf7 52. e6+ Ke8 53. e7 Rc2 54.
Re2 Bxc4 55. Ne4 Bxe2 56. Nf6+ Kf7 57. e8=Q+ Kxf6 58. Qe7+ 1-0

[Event "SR 3. liga A2 2016/2017"]
[Site "?"]
[Date "2017.01.22"]
[Round "7.2"]
[White "Harastova, Viera"]
[Black "Kovacocy, Pavel"]
[Result "0-1"]
[WhiteElo "1878"]
[BlackElo "2218"]
[PlyCount "86"]
[EventDate "2016.??.??"]

1. d4 g6 2. c4 Bg7 3. Nc3 d6 4. e4 e5 5. d5 a5 6. Be3 Bh6 7. Bxh6 Nxh6 8. Qd2
Ng8 9. Bd3 Nf6 10. Nge2 O-O 11. O-O Nh5 12. f4 exf4 13. Nxf4 Nxf4 14. Rxf4 Nd7
15. Raf1 Ne5 16. Ne2 Qe7 17. Nd4 Bd7 18. Qc3 f6 19. Be2 Rf7 20. Nf3 Nxf3+ 21.
Qxf3 Raf8 22. Qd3 Qe5 23. Qc2 f5 24. exf5 Qe3+ 25. R1f2 Rxf5 26. Rxf5 Bxf5 27.
Qc3 Bd3 28. Bf3 Re8 29. h3 a4 30. a3 Qe1+ 31. Qxe1 Rxe1+ 32. Kh2 Bxc4 33. Rc2
b5 34. Kg3 Re5 35. Rd2 Kg7 36. Rd4 Re3 37. Kf4 Re5 38. h4 Kf6 39. Rd2 h6 40.
Rd4 Re1 41. Bd1 g5+ 42. hxg5+ hxg5+ 43. Kg4 Rxd1 0-1

[Event "SR 3. liga A2 2016/2017"]
[Site "?"]
[Date "2017.01.22"]
[Round "7.2"]
[White "Cechovic, Stefan"]
[Black "Hrubsa, Marian"]
[Result "1/2-1/2"]
[WhiteElo "2129"]
[BlackElo "1883"]
[PlyCount "61"]
[EventDate "2016.??.??"]

1. Nf3 d5 2. g3 Nf6 3. Bg2 Bf5 4. O-O e6 5. c4 c6 6. d4 Bd6 7. Nc3 O-O 8. b3
Nbd7 9. Bb2 Re8 10. Nh4 Be4 11. Nxe4 Nxe4 12. Nf3 f6 13. Qd3 Nf8 14. Nd2 Nxd2
15. Qxd2 f5 16. f3 Ng6 17. e4 f4 18. e5 Bc7 19. Bh3 dxc4 20. bxc4 fxg3 21. hxg3
Bxe5 22. Kg2 Bxg3 23. f4 Bh4 24. Qe2 Qd6 25. Qg4 Qb4 26. Qe2 Qd6 27. Qe4 Bf6
28. Rae1 Rad8 29. Bxe6+ Kf8 30. f5 Nh4+ 31. Kh3 1/2-1/2

[Event "SR 3. liga A2 2016/2017"]
[Site "?"]
[Date "2017.01.22"]
[Round "7.2"]
[White "Planka, Peter"]
[Black "Sarmir, Milos"]
[Result "0-1"]
[WhiteElo "1811"]
[BlackElo "2037"]
[PlyCount "92"]
[EventDate "2016.??.??"]

1. e4 e5 2. Nf3 Nc6 3. Bb5 a6 4. Ba4 Nf6 5. O-O Be7 6. Re1 b5 7. Bb3 d6 8. h3
O-O 9. c3 Na5 10. Bc2 c5 11. d4 Qc7 12. d5 Bd7 13. Nbd2 c4 14. Nf1 Nb7 15. g4
a5 16. a3 Nc5 17. Ng3 Rfc8 18. Kg2 Qb7 19. Be3 Na6 20. Qd2 b4 21. Reb1 b3 22.
Bd1 Nc5 23. Bxc5 Rxc5 24. Be2 Ne8 25. Rh1 g6 26. g5 Ng7 27. Nh2 Rf8 28. Ng4 f5
29. gxf6 Bxf6 30. Nxf6+ Rxf6 31. Bg4 Rc8 32. Raf1 Rcf8 33. Bxd7 Qxd7 34. f3 Ne8
35. Rf2 Nc7 36. Qe3 Na6 37. Ne2 Nc5 38. Nc1 Rf4 39. Ne2 R4f7 40. Nc1 Qe7 41.
Kf1 Qh4 42. Rhh2 Qg3 43. Ne2 Qxh2 44. Rxh2 Rxf3+ 45. Qxf3 Rxf3+ 46. Kg2 Rd3 0-1

[Event "SR 3. liga A2 2016/2017"]
[Site "?"]
[Date "2017.01.22"]
[Round "7.2"]
[White "Vagovsky, Jozef"]
[Black "Zlamal, Marek"]
[Result "0-1"]
[WhiteElo "1845"]
[BlackElo "1778"]
[PlyCount "84"]
[EventDate "2016.??.??"]

1. d4 d5 2. Nf3 e6 3. c4 Nf6 4. Nc3 a6 5. e3 b6 6. cxd5 exd5 7. Bd3 Bd6 8. Qc2
O-O 9. O-O c5 10. dxc5 bxc5 11. b3 Nc6 12. Qd2 Bg4 13. Be2 h6 14. Rd1 Be6 15.
Bb2 Qc7 16. Rac1 Rad8 17. h3 c4 18. bxc4 dxc4 19. Qc2 Nb4 20. Qb1 Qa5 21. Nd4
Qe5 22. Nf3 Qh5 23. Nd4 Bg4 24. Bxg4 Nxg4 25. Ne4 Bh2+ 26. Kf1 Ne5 27. Ba3 Nbd3
28. Bxf8 Nxc1 29. Rxc1 Kxf8 30. Qb4+ Kg8 31. Qa5 Qh4 32. Nf5 Qxe4 33. Ne7+ Kh7
34. Qxd8 h5 35. Qg8+ Kh6 36. Qh8+ Kg5 37. Qxg7+ Ng6 38. Nxg6 Qd3+ 39. Ke1 fxg6
40. Qe7+ Kh6 41. Qf6 Bd6 42. Qd8 Bb4+ 0-1

[Event "SR 3. liga A2 2016/2017"]
[Site "?"]
[Date "2017.01.22"]
[Round "7.2"]
[White "Jarabek, Milan"]
[Black "Hornak, Pavol"]
[Result "0-1"]
[WhiteElo "1734"]
[BlackElo "1806"]
[PlyCount "72"]
[EventDate "2016.??.??"]

1. d4 Nf6 2. c4 g6 3. Nc3 Bg7 4. e4 d6 5. Be2 O-O 6. Be3 b6 7. h4 c5 8. d5 Nbd7
9. f4 a6 10. h5 b5 11. cxb5 axb5 12. Bxb5 Nxh5 13. Qf3 Qb6 14. Nge2 Ndf6 15. f5
Nd7 16. Bxd7 Bxd7 17. g4 Qxb2 18. Rc1 Bxc3+ 19. Nxc3 Nf6 20. Qh3 h5 21. gxh5
Nxh5 22. Qg4 Kg7 23. Qg5 Rh8 24. Rg1 Rae8 25. a4 Qb4 26. Kd2 Nf6 27. Qg2 Rh4
28. Kd3 Nxe4 29. fxg6 c4+ 30. Ke2 Nxc3+ 31. Rxc3 Rg4 32. Qh2 Rh8 33. Bd4+ f6
34. Qf2 Qb2+ 35. Ke1 Re4+ 36. Re3 Qxd4 0-1

[Event "SR 3. liga A2 2016/2017"]
[Site "?"]
[Date "2017.01.22"]
[Round "7.2"]
[White "Bartos, Bohumil"]
[Black "Prigoda, Lubos"]
[Result "0-1"]
[WhiteElo "1658"]
[BlackElo "1523"]
[PlyCount "126"]
[EventDate "2016.??.??"]

1. d4 Nf6 2. c4 e6 3. Nc3 b6 4. Nf3 Ba6 5. e3 c5 6. Be2 Be7 7. O-O O-O 8. b3
Bb7 9. Bb2 d5 10. dxc5 Bxc5 11. Qc2 dxc4 12. Bxc4 Bxf3 13. gxf3 Nc6 14. a3 Ne5
15. Be2 Ng6 16. Kh1 Qb8 17. Ne4 Nxe4 18. Qxe4 Bd6 19. f4 Qc7 20. Rg1 Rfe8 21.
Rac1 Qe7 22. Rcd1 Bxa3 23. Ba1 Rad8 24. Bb5 Rxd1 25. Rxd1 Rd8 26. Rxd8+ Qxd8
27. Qd4 Qxd4 28. Bxd4 Kf8 29. Bd3 Nh4 30. Be2 h6 31. h3 Nf5 32. Bc3 f6 33. Kg2
Ke7 34. Bd3 Nd6 35. Kf3 a5 36. Bd4 Bc5 37. Bc3 Nc8 38. Bc4 Nd6 39. Bd3 Ne8 40.
Bc4 Nc7 41. Bd3 Nd5 42. Bd2 Bb4 43. Bxb4+ Nxb4 44. Bc4 Nd5 45. Ke4 Nc7 46. Kd4
Kd6 47. h4 e5+ 48. fxe5+ fxe5+ 49. Ke4 b5 50. Bd3 a4 51. bxa4 bxa4 52. h5 Ke6
53. f4 exf4 54. Bc4+ Kf6 55. Kxf4 Ne6+ 56. Kg4 Ke5 57. Ba2 Nc5 58. Bb1 a3 59.
Kf3 Ne4 60. Ba2 Nc3 61. Bf7 a2 62. Bxa2 Nxa2 63. Kg4 Ke4 0-1

[Event "SR 3. liga A2 2016/2017"]
[Site "?"]
[Date "2017.01.22"]
[Round "7.3"]
[White "Abel, Peter"]
[Black "Bisco, Igor"]
[Result "1-0"]
[WhiteElo "2194"]
[BlackElo "2112"]
[PlyCount "83"]
[EventDate "2016.??.??"]

1. c4 Nf6 2. Nc3 g6 3. g3 Bg7 4. Bg2 O-O 5. e4 c5 6. Nge2 Nc6 7. d3 d6 8. O-O
Bg4 9. f3 Bd7 10. Be3 e5 11. Qd2 Nd4 12. h3 Ne8 13. f4 Nc7 14. Kh2 a6 15. Rf2
b5 16. Raf1 Rb8 17. f5 f6 18. h4 bxc4 19. dxc4 a5 20. g4 a4 21. Ng3 Rb4 22. Rb1
Qc8 23. Bh3 Qa6 24. Bf1 Qc8 25. Bd3 Qd8 26. Rg1 Be8 27. Nd5 Nxd5 28. exd5 Rb7
29. Qd1 Qb8 30. Bc1 Qd8 31. Qd2 Qd7 32. Qe3 Qf7 33. Ne4 Qe7 34. Ng3 Kh8 35.
Rgf1 Qd7 36. g5 Qd8 37. fxg6 hxg6 38. gxf6 Bxf6 39. Qh6+ Kg8 40. Bxg6 Bxg6 41.
Qxg6+ Rg7 42. Qe4 1-0

[Event "SR 3. liga A2 2016/2017"]
[Site "?"]
[Date "2017.01.22"]
[Round "7.3"]
[White "Malar, Pavol"]
[Black "Nemsak, Denis"]
[Result "1/2-1/2"]
[WhiteElo "2087"]
[BlackElo "2061"]
[PlyCount "103"]
[EventDate "2016.??.??"]

1. e4 d5 2. exd5 Nf6 3. Nf3 Nxd5 4. d4 g6 5. Be2 Bg7 6. O-O O-O 7. c4 Nb6 8.
Nc3 Bg4 9. Be3 Nc6 10. d5 Bxf3 11. gxf3 Ne5 12. c5 Nc8 13. f4 Nd7 14. Bf3 Rb8
15. Qd2 b6 16. b4 a5 17. a3 bxc5 18. bxc5 Rb3 19. Bd4 Bh6 20. Qc2 a4 21. Bg2
Bxf4 22. Nxa4 e5 23. Qxb3 exd4 24. Rad1 Qg5 25. h4 Qf6 26. Qh3 Ne5 27. Nb2 Ne7
28. Nd3 Nxd3 29. Rxd3 Nf5 30. Rfd1 Re8 31. Qg4 Qe5 32. h5 g5 33. Kh1 Nh4 34.
Rg1 Kf8 35. Qd1 Nf5 36. Bh3 Qxd5+ 37. Qf3 Qxc5 38. Bxf5 Qxf5 39. Rxd4 Qc5 40.
Rd5 Qc4 41. Qd3 Qxd3 42. Rxd3 Ra8 43. Ra1 Ra4 44. Kg2 Bd6 45. Kf3 Kg7 46. Ke2
Kh6 47. Rf3 Kxh5 48. Rxf7 Kg6 49. Rf3 h5 50. Kf1 g4 51. Rd3 h4 52. f3 1/2-1/2

[Event "SR 3. liga A2 2016/2017"]
[Site "?"]
[Date "2017.01.22"]
[Round "7.3"]
[White "Mihalik, Marek"]
[Black "Slamena, Michal"]
[Result "0-1"]
[WhiteElo "2026"]
[BlackElo "1977"]
[PlyCount "98"]
[EventDate "2016.??.??"]

1. d4 c5 2. dxc5 e5 3. Nc3 Bxc5 4. Ne4 Qb6 5. Nxc5 Qxc5 6. c3 d5 7. g3 Nc6 8.
Bg2 Be6 9. Nf3 f6 10. O-O Nge7 11. Re1 O-O 12. e4 Rfd8 13. exd5 Bxd5 14. Qa4 b5
15. Qg4 f5 16. Qh4 e4 17. Ng5 h6 18. Nh3 Qd6 19. Qh5 Ne5 20. Bf4 Bf7 21. Qe2
Qf6 22. Bxe5 Qxe5 23. f3 Qc5+ 24. Kh1 Bc4 25. Qe3 Qxe3 26. Rxe3 Rd2 27. fxe4
Rxb2 28. exf5 Nxf5 29. Re5 Rf8 30. Bd5+ Bxd5+ 31. Rxd5 Ne3 32. Rd7 Ng4 33. Nf4
Nxh2 34. Rxa7 g5 35. Ng2 Nf1 36. a4 Nxg3+ 37. Kh2 Ne4 38. axb5 Nxc3 39. Rb7
Rxb5 40. Rc7 Nd5 41. Rd7 Nf6 42. Rd4 h5 43. Ra2 Ng4+ 44. Rxg4 hxg4 45. Kg3 Rb4
46. Ra5 Rf3+ 47. Kh2 Rh3+ 48. Kg1 Rb1+ 49. Kf2 Rf3+ 0-1

[Event "SR 3. liga A2 2016/2017"]
[Site "?"]
[Date "2017.01.22"]
[Round "7.3"]
[White "Podjavorinsky, Michal"]
[Black "Barca, Michal"]
[Result "1/2-1/2"]
[WhiteElo "1841"]
[BlackElo "1765"]
[PlyCount "126"]
[EventDate "2016.??.??"]

1. e4 d5 2. exd5 Qxd5 3. c4 Qe5+ 4. Qe2 Qxe2+ 5. Bxe2 c5 6. Nc3 e6 7. Nf3 Nf6
8. d4 a6 9. Bg5 Be7 10. O-O O-O 11. Rfd1 cxd4 12. Nxd4 Nbd7 13. a3 Re8 14. b4
g6 15. c5 e5 16. Nb3 Rb8 17. Rac1 Nf8 18. Bxf6 Bxf6 19. Na5 Bf5 20. Nd5 Bg5 21.
Rc3 Ne6 22. Nb3 Nd4 23. Bd3 Nxb3 24. Rxb3 e4 25. Bc4 Rbd8 26. Nc3 e3 27. Rxd8
Rxd8 28. Kf1 Bc2 29. Rb2 Bd3+ 30. Bxd3 Rxd3 31. Ne4 Be7 32. Ra2 f5 33. Ng3 exf2
34. Kxf2 Bh4 35. Ke2 Rb3 36. Nf1 Bf6 37. Nd2 Rb2 38. Rxb2 Bxb2 39. Nc4 Bc1 40.
g3 Kf8 41. Kd1 Bg5 42. Nd6 Ke7 43. Nxb7 Kd7 44. a4 Kc7 45. Na5 Be3 46. Ke2 Bg1
47. h3 h6 48. Nc4 Bd4 49. Kd3 Bf6 50. Ne3 Be5 51. Nd5+ Kd7 52. Nf4 g5 53. Ne2
h5 54. b5 axb5 55. axb5 Kc7 56. Nd4 Bxg3 57. b6+ Kb7 58. Nxf5 Bh2 59. Kc4 g4
60. hxg4 hxg4 61. Kb5 Bf4 62. c6+ Kb8 63. c7+ Bxc7 1/2-1/2

[Event "SR 3. liga A2 2016/2017"]
[Site "?"]
[Date "2017.01.22"]
[Round "7.3"]
[White "Janas, Peter"]
[Black "Mihalik, Anton"]
[Result "0-1"]
[WhiteElo "1682"]
[BlackElo "1940"]
[PlyCount "94"]
[EventDate "2016.??.??"]

1. d4 d5 2. Nf3 Nf6 3. Bg5 e6 4. g3 Be7 5. Bg2 O-O 6. O-O Nbd7 7. Nbd2 c5 8. c3
b6 9. h3 Bb7 10. Re1 Rc8 11. Ne5 cxd4 12. cxd4 Nxe5 13. dxe5 Nd7 14. Bxe7 Qxe7
15. Nf3 Nc5 16. Qd4 Rc7 17. b3 Rfc8 18. Red1 Ne4 19. Ne1 Nc3 20. Rd2 Qg5 21.
Kh2 Ba6 22. f4 Qe7 23. Bf3 h6 24. a3 Qd7 25. Qb4 Rc5 26. a4 Qc7 27. Nd3 Bxd3
28. Rxd3 a5 29. Qd4 b5 30. axb5 Rxb5 31. e4 Rb4 32. Rxc3 Qxc3 33. Qxc3 Rxc3 34.
Bg2 dxe4 35. Rxa5 Rc2 36. Ra4 Rxb3 37. Ra1 Rbb2 38. Rg1 e3 39. h4 Rf2 40. Kh3
h5 41. g4 hxg4+ 42. Kg3 f5 43. exf6 gxf6 44. Bc6 f5 45. Ra1 Rh2 46. Rh1 Rxh1
47. Bxh1 e2 0-1

[Event "SR 3. liga A2 2016/2017"]
[Site "?"]
[Date "2017.01.22"]
[Round "7.3"]
[White "Slaba, Andrea"]
[Black "Bojnansky, Juraj"]
[Result "1-0"]
[WhiteElo "1801"]
[BlackElo "1640"]
[PlyCount "99"]
[EventDate "2016.??.??"]

1. Nf3 d5 2. c4 c6 3. e3 Nf6 4. Be2 g6 5. d4 Bg7 6. b3 O-O 7. Bb2 Ne4 8. O-O c5
9. Qc2 Bf5 10. Bd3 cxd4 11. Bxd4 Nc6 12. Bxg7 Kxg7 13. Nh4 Nb4 14. Nxf5+ gxf5
15. Qb2+ f6 16. Bxe4 dxe4 17. Nc3 Nd3 18. Qe2 e6 19. Rfd1 a6 20. Na4 Qc7 21.
Nb2 Nxb2 22. Qxb2 Rad8 23. Qe2 Rxd1+ 24. Rxd1 Rd8 25. Rd2 Kg6 26. Qd1 Rxd2 27.
Qxd2 Qe5 28. f4 exf3 29. gxf3 h5 30. Kg2 Qa1 31. Kh3 Qe5 32. Kh4 b5 33. Kh3
bxc4 34. bxc4 Qc7 35. Qc3 e5 36. c5 Qc6 37. Kg2 e4 38. f4 Qa4 39. Qb3 Qa5 40.
Qc2 Qe1 41. c6 Qxe3 42. c7 Qf3+ 43. Kg1 Qe3+ 44. Kh1 Kh6 45. c8=Q Qf3+ 46. Kg1
Qg4+ 47. Kf1 Qf3+ 48. Ke1 Qh1+ 49. Kd2 Qxh2+ 50. Kc3 1-0

[Event "SR 3. liga A2 2016/2017"]
[Site "?"]
[Date "2017.01.22"]
[Round "7.4"]
[White "Takacs, Laszlo"]
[Black "Kalmar, Tamas"]
[Result "1/2-1/2"]
[WhiteElo "2183"]
[BlackElo "2066"]
[PlyCount "43"]
[EventDate "2016.??.??"]

1. e4 c6 2. d4 d5 3. e5 Bf5 4. h4 h5 5. Bg5 Qb6 6. Bd3 Bxd3 7. Qxd3 e6 8. Nd2
Nd7 9. Ne2 Ne7 10. O-O Nf5 11. c3 Be7 12. Bxe7 Kxe7 13. Nf3 g6 14. Qd2 a5 15.
Qg5+ Ke8 16. Ng3 Qd8 17. Qxd8+ Kxd8 18. Nxf5 exf5 19. Ng5 Ke7 20. Rfe1 Rhf8 21.
a4 Nb6 22. Ra3 1/2-1/2

[Event "SR 3. liga A2 2016/2017"]
[Site "?"]
[Date "2017.01.22"]
[Round "7.4"]
[White "Veselsky, Jozef"]
[Black "Merva, Frantisek"]
[Result "1/2-1/2"]
[WhiteElo "2076"]
[BlackElo "2110"]
[PlyCount "36"]
[EventDate "2016.??.??"]

1. d4 d5 2. c4 c6 3. Nc3 Nf6 4. Nf3 e6 5. Bg5 h6 6. Bh4 g5 7. Bg3 dxc4 8. e4 b5
9. Be2 Nbd7 10. Ne5 Bb7 11. O-O a6 12. Bh5 Nxh5 13. Qxh5 Nxe5 14. Bxe5 Rg8 15.
Rad1 Qe7 16. d5 cxd5 17. exd5 O-O-O 18. d6 Qd7 1/2-1/2